Március 15 Homonnán
Oslava výročného dňa (15. marec) - t.j. úsvit slobody. Referát z jednotlivých škôl v Humennom a spoločenských organizácii, ktoré tento deň oslávili jednak bohoslužbami, jednak spoločenskými akadémiami a pod.
| Médium: | Článok |
|---|---|
| Jazyk: | Hungarian |
| Témy: | |
| Zdroj: |
1. Felvidéki Hirlap 1. Roč. 5, č. 10 (17.03.1912) s. 2 |
| LEADER | 00966nab#a2200301#ar4500 | ||
|---|---|---|---|
| 001 | 000073909 | ||
| 003 | SVKKK | ||
| 005 | 20040407xxxxxxx. | ||
| 008 | 06 c xo huno | ||
| FMT | |||
| 038 | |a SVKKK | ||
| 040 | |a SVKKK |b slo |e AACR2 | ||
| 041 | 0 | |a hun | |
| 044 | |a xo |c SK | ||
| 080 | |a 323 | ||
| 242 | 1 | 0 | |a Pätnásty marec v Humennom |
| 245 | 0 | 0 | |a Március 15 Homonnán |
| 500 | |a mikrofilm | ||
| 520 | 2 | |a Oslava výročného dňa (15. marec) - t.j. úsvit slobody. Referát z jednotlivých škôl v Humennom a spoločenských organizácii, ktoré tento deň oslávili jednak bohoslužbami, jednak spoločenskými akadémiami a pod. | |
| 650 | 0 | 4 | |a politika vnútorná - dni výročné (15.marec) - oslavy miestne - Humenné - rok 1912 - referáty |
| 773 | 0 | |t Felvidéki Hirlap |g Roč. 5, č. 10 (17.03.1912) s. 2 | |
| 957 | |a Humenné | ||
| 958 | |a DG | ||
| 958 | |a SK | ||
| 974 | |a Ba |d 20040407 | ||
| 992 | |a RBX | ||
| BAS | |||
| 998 | |a RETRO | ||